| 000 | 00670nam a22002057a 4500 | ||
|---|---|---|---|
| 003 | OSt | ||
| 005 | 20260310005436.0 | ||
| 008 | 260310b |||||||| |||| 00| 0 eng d | ||
| 020 | _a978-1-77469-719-1 | ||
| 040 |
_aDWCL Main lib _cOC |
||
| 082 | _aCirc. 647.94 C139f 2024 | ||
| 100 | _aCajiao, Israel Tinoco | ||
| 245 |
_aFront office management _cIsrael Tinoco Cajiao |
||
| 260 |
_aOntario, Canada: _bToronto Academic Press, _cc2024. |
||
| 300 |
_avii, 251 pages: _billustrations; _c25 cm. |
||
| 504 | _aIncludes bibliographical references and index. | ||
| 650 | _a1. Hospitality management. | ||
| 650 | _a2. Office management. | ||
| 942 |
_2ddc _cBK-CIRC _kCirc. _n0 |
||
| 999 |
_c8795 _d8795 |
||